Statistics for Top 10 Most Consumed Seafood in US

Click here to take the quiz!

General Stats

  • This quiz has been taken 238 times
  • The average score is 5 of 10

Answer Stats

Pounds per capitaAnswer% Correct
4.2Shrimp
89%
1.952Salmon
81%
0.518Crab
76%
2.6Canned Tuna
73%
0.331Clams
58%
0.501Cod
53%
1.287Tilapia
30%
0.559Catfish
28%
1.312Alaska Pollock
8%
0.628Pangasius (Swai)
3%

Score Distribution

Percentile by Number Answered

Percent of People with Each Score

Your Score History

You have not taken this quiz